Composition inter milan finale ligue des champions 2010 - Statistiques

Statistiques générales
  • Ce quiz a été pris 398 fois
  • Le résultat moyen est 8 sur 12
Statistiques - réponses
Numéro Joueur % Correct
9 Eto'o
90%
22 Milito
86%
4 (cap) Zanetti
86%
Entraîneur Mourinho
85%
10 Sneijder
79%
12 Júlio César
73%
13 Maicon
61%
6 Lúcio
57%
19 Cambiasso
56%
25 Samuel
43%
27 Pandev
39%
26 Chivu
33%
Aucun quiz correspondant
Distribution des résultats
% des personnes avec chaque résultat
Percentile par nombre de réponses
Votre historique - résultats
Vous n’avez pas pris ce quiz